[Event "2014 dropouts tournament"]
[Site "SchemingMind.com"]
[Date "2013.12.16"]
[Round "-"]
[White "ApolloM"]
[Black "johanrientsop"]
[Result "1-0"]
[WhiteCountry "CZE"]
[BlackCountry "NED"]
[WhiteElo "2343"]
[WhiteRD "171"]
[BlackElo "1986"]
[BlackRD "95"]
[GameID "343884"]

1. d4 g6 2. e4 Bg7 3. Nf3 d6 4. Nc3 Nf6 5. Be2 O-O 6. O-O Nbd7 7. e5 dxe5 8. dxe5 Ng4 9. e6 Nde5 10. exf7+ Nxf7
11. Qxd8 Rxd8 12. Bc4 e6 13. Bf4 Be5 14. Nxe5 Ngxe5 15. Bb3 Bd7 16. Rfe1 Nc6 17. Rad1 Nd6 18. Bg5 Rf8 19. Nb5 Rac8 20. Bh6 Rfe8
21. Nxd6 cxd6 22. Rxd6 Rc7 23. Rxd7 Rxd7 24. Rxe6 Rd1+ 25. Re1+ Kh8 26. Rxd1
1-0

[Event "2014 dropouts tournament"]
[Site "SchemingMind.com"]
[Date "2013.12.16"]
[Round "-"]
[White "poisonpawn1"]
[Black "mespina"]
[Result "1/2-1/2"]
[WhiteCountry "ENG"]
[BlackCountry "ESP"]
[WhiteElo "1601"]
[WhiteRD "78"]
[BlackElo "2083"]
[BlackRD "82"]
[GameID "343885"]

1. d4 Nf6 2. Nf3 e6 3. Nc3 d5 4. Bf4 Bb4 5. g3 Ne4 6. Bd2 Nxc3 7. bxc3 Be7 8. Bg2 O-O 9. O-O Nd7 10. Rb1 c5
11. Re1 b6 12. Bf4 Bb7 13. Qd3 Nf6 14. c4 dxc4 15. Qxc4 Bd5 16. Qd3 Be4 17. Qb3 cxd4 18. Rbd1 Bd5 19. Qb2 Rc8 20. Nxd4 Bxg2
21. Kxg2 Qd5+ 22. f3 Bc5 23. Nb5 Qc4 24. Qb3 Bb4 25. Bd2 Be7 26. Nxa7 Qxb3 27. cxb3 Rc2 28. a4 Rd8 29. Bc1 Rxd1 30. Rxd1 Rxe2+
31. Kh3 Nd5 32. Nc6 Kf8 33. Rd2 Re1 34. Rc2 Bd6 35. Kg2 Ke8 36. Kf2 Rh1 37. Kg2 Rd1 38. Rc4 Kd7 39. a5 bxa5 40. Nxa5 Bb4
41. Nb7 Bc3 42. Nc5+ Ke7 43. Bg5+ f6 44. Ne4 Bb4 45. Bc1 Rd3 46. g4 Rxb3 47. Rc8 Rb1 48. Kh3 f5 49. Ng3 Kd7 50. Rc2 g6
51. Ne2 Bd6 52. Kg2 e5 53. Rd2 Ne3+ 54. Kf2 f4 55. Rd3 e4 56. Rd4 exf3 57. Kxf3 Nc2 58. Rd2 Rb3+ 59. Kf2 Ne3 60. Nxf4 Nxg4+
61. Kg2 Ne3+ 62. Kf2 Nf5 63. Ra2 Rb4 64. Kf3 Rc4 65. Nd3 Nd4+ 66. Kg2 Nb3 67. Ra7+ Ke6 68. Ba3 Rc2+ 69. Nf2=
1/2-1/2

[Event "2014 dropouts tournament"]
[Site "SchemingMind.com"]
[Date "2013.12.16"]
[Round "-"]
[White "johanrientsop"]
[Black "ApolloM"]
[Result "0-1"]
[WhiteCountry "NED"]
[BlackCountry "CZE"]
[WhiteElo "1986"]
[WhiteRD "95"]
[BlackElo "2343"]
[BlackRD "171"]
[GameID "343890"]

1. e4 e6 2. d4 d5 3. Nc3 Nf6 4. e5 Nfd7 5. f4 c5 6. dxc5 Bxc5 7. Qg4 O-O 8. Bd3 f5 9. Qh3 Qb6 10. Nf3 Be7
11. g4 Nc5 12. gxf5 Nxd3+ 13. cxd3 Rxf5 14. Rg1 Nc6 15. Qg2 g6 16. h4 Bd7 17. h5 Rxh5 18. Qe2 Rh3 19. Be3 d4 20. Bf2 Rxf3
21. Qxf3 Qxb2 22. Rd1 dxc3 23. Be3 c2 24. Rc1 Nb4 25. Kd2 Nxd3 26. Ke2 Bb5
0-1

[Event "2014 dropouts tournament"]
[Site "SchemingMind.com"]
[Date "2013.12.16"]
[Round "-"]
[White "mespina"]
[Black "poisonpawn1"]
[Result "1/2-1/2"]
[WhiteCountry "ESP"]
[BlackCountry "ENG"]
[WhiteElo "2081"]
[WhiteRD "82"]
[BlackElo "1584"]
[BlackRD "78"]
[GameID "343891"]

1. e4 e5 2. Nf3 Nc6 3. Bb5 Nf6 4. O-O Bc5 5. c3 O-O 6. d4 Bb6 7. dxe5 Nxe4 8. Qd5 Nc5 9. Qd1 d5 10. exd6 cxd6
11. Be3 Re8 12. Nbd2 d5 13. a4 a6 14. b4 Ne6 15. Bxc6 bxc6 16. Bxb6 Qxb6 17. a5 Qc7 18. Nb3 c5 19. bxc5 Nxc5 20. Qxd5 Nxb3
21. Qxb3 Be6 22. Qb6 Qxc3 23. Rfc1 Qd3 24. Rd1 Qf5 25. Rac1 Rab8 26. Qxa6 Ra8 27. Qb6 Qxa5 28. Qxa5 Rxa5 29. Nd4 g5 30. Re1 Bd7
31. Rxe8+ Bxe8 32. Kf1 Ra4 33. Rc8 Rxd4 34. Rxe8+=
1/2-1/2

[Event "2014 dropouts tournament"]
[Site "SchemingMind.com"]
[Date "2013.12.18"]
[Round "-"]
[White "Kenny Elliott"]
[Black "John Hamer"]
[Result "0-1"]
[WhiteCountry "USA"]
[BlackCountry "ENG"]
[WhiteElo "1356"]
[WhiteRD "104"]
[BlackElo "2079"]
[BlackRD "70"]
[GameID "343938"]

1. d4 Nf6 2. c4 e5 3. dxe5 Ne4 4. Qd4 Nc5 5. Nf3 Nc6 6. Qf4 Ne6 7. Qg3 d6 8. e3 dxe5 9. Nxe5 Nb4 10. Ke2 Nc2
11. Nc3 Nxa1 12. Qf3 Ng5 13. Qg3 f6 14. Nd3 Bf5
0-1

[Event "2014 dropouts tournament"]
[Site "SchemingMind.com"]
[Date "2013.12.18"]
[Round "-"]
[White "maro"]
[Black "Aba"]
[Result "0-1"]
[WhiteCountry "MEX"]
[BlackCountry "ISR"]
[WhiteElo "1442"]
[WhiteRD "56"]
[BlackElo "1852"]
[BlackRD "82"]
[GameID "343939"]

1. e4 Nc6 2. d4 e6 3. d5 exd5 4. exd5 Ne5 5. Bf4 Bd6 6. Nf3 Qf6 7. c4 Qxf4 8. Be2 Nxc4 9. g3 Qe4 10. O-O Nxb2
11. Qd2 Nc4 12. Bxc4 Qxc4 13. Re1+ Ne7 14. Nc3 b6 15. Ng5 Bb4 16. Qe3 Qxc3 17. Qf4 Qf6 18. Re4 Qxa1+ 19. Kg2 f6 20. Qh4 fxg5
21. Qh5+ g6 22. Qxg5 Qg7 23. Rxb4 d6 24. Re4 Bf5 25. Re2 h6 26. Qe3 Rf8 27. h3 Rf7 28. g4 Bd7 29. f4 Bb5 30. Re1 O-O-O
31. Qe6+ Kb8 32. Rb1 Bc4 33. a4 Bxd5+
0-1

[Event "2014 dropouts tournament"]
[Site "SchemingMind.com"]
[Date "2013.12.17"]
[Round "-"]
[White "John Hamer"]
[Black "Kenny Elliott"]
[Result "1-0"]
[WhiteCountry "ENG"]
[BlackCountry "USA"]
[WhiteElo "2079"]
[WhiteRD "70"]
[BlackElo "1356"]
[BlackRD "104"]
[GameID "343941"]

1. d4 d5 2. Nf3 Nf6 3. c4 c6 4. Nc3 Bg4 5. e3 Ne4 6. cxd5 cxd5 7. Be2 e6 8. Qb3 b6 9. Bb5+ Nd7 10. Ne5 Qb8
11. Bxd7+ Kd8 12. Nc6+ Kxd7 13. Nxb8+ Rxb8 14. Qa4+ Kc8 15. Qe8+ Kb7 16. Qxf7+ Ka8 17. Nb5 Rb7 18. Qe8+ Rb8 19. Qc6+ Rb7 20. Qc8+
1-0

[Event "2014 dropouts tournament"]
[Site "SchemingMind.com"]
[Date "2013.12.17"]
[Round "-"]
[White "Aba"]
[Black "maro"]
[Result "1-0"]
[WhiteCountry "ISR"]
[BlackCountry "MEX"]
[WhiteElo "1852"]
[WhiteRD "82"]
[BlackElo "1442"]
[BlackRD "56"]
[GameID "343942"]

1. e4 e5 2. Nf3 Nc6 3. Bc4 Nf6 4. d4 exd4 5. Nxd4 Nxe4 6. Be3 Qf6 7. f3 Ng5 8. c3 Bc5 9. Qe2 O-O 10. h4 Ne6
11. Nxe6 dxe6 12. Bxc5 Rd8 13. Nd2 Qf5 14. Be3 Ne5 15. g4 Qc2 16. Ne4 Nd3+ 17. Bxd3 Qxe2+ 18. Kxe2 b6 19. g5
1-0

[Event "2014 dropouts tournament"]
[Site "SchemingMind.com"]
[Date "2013.12.18"]
[Round "-"]
[White "kenneth m day"]
[Black "Scooter"]
[Result "1-0"]
[WhiteCountry "USA"]
[BlackCountry "USA"]
[WhiteElo "1764"]
[WhiteRD "48"]
[BlackElo "1674"]
[BlackRD "49"]
[GameID "343992"]

1. Nf3 Nf6 2. g3 g6 3. Bg2 Bg7 4. d3 O-O 5. e4 d6 6. Nc3 Bg4 7. O-O e5 8. h3 Bxf3 9. Qxf3 Nc6 10. Bg5 Nd4
11. Qd1 a6 12. Qd2 Qd7 13. Ne2 Nxe2+ 14. Qxe2 Qb5 15. c3 c6 16. f4 exf4 17. Bxf4 Rad8 18. g4 Rfe8 19. Qd2 Bf8 20. Bg5 Be7
21. Bxf6 Bxf6 22. Rxf6
1-0

[Event "2014 dropouts tournament"]
[Site "SchemingMind.com"]
[Date "2013.12.23"]
[Round "-"]
[White "asimpereira"]
[Black "bokashi"]
[Result "1-0"]
[WhiteCountry "IND"]
[BlackCountry "GER"]
[WhiteElo "1974"]
[WhiteRD "96"]
[BlackElo "1637"]
[BlackRD "125"]
[GameID "343993"]

1. d4 d5 2. c4 e6 3. g3 c6 4. Bg2 Nf6 5. Nf3 Be7 6. O-O Nbd7 7. Nbd2 O-O 8. Qc2 b6 9. e4 Bb7 10. b3 Rc8
11. Bb2 dxe4 12. Nxe4 Qc7 13. Nc3 a6 14. Rfe1
1-0

[Event "2014 dropouts tournament"]
[Site "SchemingMind.com"]
[Date "2013.12.19"]
[Round "-"]
[White "Scooter"]
[Black "kenneth m day"]
[Result "1/2-1/2"]
[WhiteCountry "USA"]
[BlackCountry "USA"]
[WhiteElo "1705"]
[WhiteRD "45"]
[BlackElo "1756"]
[BlackRD "49"]
[GameID "343995"]

1. d4 Nf6 2. Nf3 d6 3. Bf4 g6 4. h3 Bg7 5. e3 Nbd7 6. Be2 c5 7. c3 b6 8. O-O O-O 9. Nbd2 Bb7 10. Qb3 Rc8
11. Bc4 Nh5 12. Bh2 Bc6 13. Ng5 d5 14. Be2 Nhf6 15. Bb5 e6 16. Qa4 Bxb5 17. Qxb5 h6 18. Ngf3 Re8 19. Ne5 Nxe5 20. Bxe5 Nd7
21. Bxg7 Kxg7 22. Nf3 Nf6 23. Ne5 Qd6 24. Qe2 Nd7 25. Nxd7 Qxd7 26. Rfd1 cxd4 27. cxd4 Rc4 28. b3 Rc3 29. Qg4 Rec8 30. Qf4 f6
31. e4 dxe4 32. Qxe4 Qd6 33. Qb7+ R8c7 34. Qe4 Qd5 35. Qxd5 exd5=
1/2-1/2

[Event "2014 dropouts tournament"]
[Site "SchemingMind.com"]
[Date "2013.12.23"]
[Round "-"]
[White "bokashi"]
[Black "asimpereira"]
[Result "0-1"]
[WhiteCountry "GER"]
[BlackCountry "IND"]
[WhiteElo "1637"]
[WhiteRD "125"]
[BlackElo "1974"]
[BlackRD "96"]
[GameID "343996"]

1. e4 d5 2. exd5 Nf6 3. Nf3 Nxd5 4. b3 Bf5 5. Bb2 e6 6. Nc3 Nb4 7. d3 c5 8. Be2 Nd7 9. a3 Nc6 10. O-O Be7
11. Ne4 Nf6 12. Ng3 Bg6 13. Nh4 O-O 14. Re1 Qc7 15. h3 Rad8 16. Qc1 Nd4
0-1

[Event "2014 dropouts tournament"]
[Site "SchemingMind.com"]
[Date "2013.12.21"]
[Round "-"]
[White "opageo"]
[Black "dadshane2000"]
[Result "1-0"]
[WhiteCountry "SCO"]
[BlackCountry "USA"]
[WhiteElo "2095"]
[WhiteRD "106"]
[BlackElo "1944"]
[BlackRD "81"]
[GameID "344072"]

1. f4 c5 2. e4 d5 3. exd5 Nf6 4. Bb5+ Nbd7 5. Qf3 a6 6. Be2 Nb6 7. c4 Bg4 8. Qe3 Bxe2 9. Qxe2 g6 10. d3 Bg7
11. Nf3 O-O 12. Be3 Rc8 13. Nc3 Nfd7 14. O-O Re8 15. Ne4 f5 16. Neg5 e5 17. Ne6 Qe7 18. fxe5 Nxe5 19. Rad1 Nbd7 20. Nxe5 Bxe5
21. d4 cxd4 22. Bxd4 Bxd4+ 23. Rxd4 Nc5 24. Re1 Qf6 25. Rd2 Nxe6 26. dxe6 Rc6 27. e7 Rc7 28. Rd8 Rxd8 29. Qe6+
1-0

[Event "2014 dropouts tournament"]
[Site "SchemingMind.com"]
[Date "2013.12.20"]
[Round "-"]
[White "dadshane2000"]
[Black "opageo"]
[Result "0-1"]
[WhiteCountry "USA"]
[BlackCountry "SCO"]
[WhiteElo "1944"]
[WhiteRD "81"]
[BlackElo "2095"]
[BlackRD "106"]
[GameID "344075"]

1. e4 c6 2. Ne2 d5 3. e5 c5 4. c3 Nc6 5. d4 cxd4 6. cxd4 Bg4 7. Nbc3 e6 8. Be3 Nge7 9. f3 Bf5 10. g4 Bg6
11. Nf4 a6 12. Rc1 Rc8 13. Bg2 h6 14. O-O Na5 15. b3 Bh7 16. h4 Nec6 17. Bf2 Bb4 18. Na4 Ba3 19. Rc3 b5 20. Nc5 Bb2
21. Rc2 Bxd4 22. Bxd4 Bxc2 23. Qxc2 Nxd4 24. Qc3 Ndc6 25. Nxa6 Qb6+ 26. Nc5 b4
0-1

[Event "2014 dropouts tournament"]
[Site "SchemingMind.com"]
[Date "2013.12.23"]
[Round "-"]
[White "Clive Everill"]
[Black "clare1347"]
[Result "0-1"]
[WhiteCountry "CZE"]
[BlackCountry "ENG"]
[WhiteElo "1702"]
[WhiteRD "52"]
[BlackElo "2116"]
[BlackRD "87"]
[GameID "344150"]

1. Nf3 Nf6 2. c4 c5 3. Nc3 d5 4. cxd5 Nxd5 5. d4 Nxc3 6. bxc3 cxd4 7. cxd4 Bf5 8. e3 e6 9. Bb5+ Nc6 10. O-O Bd6
11. Bb2 O-O 12. d5 exd5 13. Nd4 Bd7 14. Nxc6 bxc6 15. Bd3 Bxh2+ 16. Kxh2 Qb8+ 17. f4 Qxb2 18. Qh5 f5 19. Be2 Rae8 20. Rfb1 Qd2
21. Rb3 Rxe3 22. Rxe3 Qxe3 23. g3 Re8 24. Bf3 g6
0-1

[Event "2014 dropouts tournament"]
[Site "SchemingMind.com"]
[Date "2013.12.23"]
[Round "-"]
[White "clare1347"]
[Black "Clive Everill"]
[Result "1-0"]
[WhiteCountry "ENG"]
[BlackCountry "CZE"]
[WhiteElo "2116"]
[WhiteRD "87"]
[BlackElo "1702"]
[BlackRD "52"]
[GameID "344154"]

1. d4 d5 2. c4 c6 3. Nf3 dxc4 4. e3 Be6 5. Nc3 b5 6. Be2 g6 7. O-O Bg7 8. Ng5 Qd6 9. a4 b4 10. Nce4 Qd5
11. Bf3 Qf5 12. g4 Qa5 13. Nxe6 fxe6 14. Qc2 Qa6 15. Nc5 Qb6 16. Nxe6 Nf6 17. a5 Qb7 18. Qxc4 Bh6 19. g5 Bxg5 20. Nxg5 Rf8
21. Ne6 Rh8 22. a6 Qd7 23. Bd2 Nd5 24. Bg4 Qd6 25. e4 Nb6 26. Qb3 c5 27. dxc5 Qxd2 28. Rfd1 Qh6 29. Rd8+ Kf7 30. Qf3+
1-0

[Event "2014 dropouts tournament"]
[Site "SchemingMind.com"]
[Date "2013.12.24"]
[Round "-"]
[White "Simon Green"]
[Black "reo"]
[Result "0-1"]
[WhiteCountry "ENG"]
[BlackCountry "THA"]
[WhiteElo "1587"]
[WhiteRD "53"]
[BlackElo "1942"]
[BlackRD "90"]
[GameID "344233"]

1. d4 Nf6 2. e3 g6 3. Bd3 Bg7 4. f4 O-O 5. Nf3 d6 6. O-O Nc6 7. c3 e5 8. fxe5 dxe5 9. Bc2 Re8 10. Nbd2 Bg4
11. h3 Bxf3 12. Qxf3 Qd7 13. Nb3 e4 14. Qf2 b6 15. Qh4 Qe6 16. Nd2 Ne7 17. Nxe4 Nxe4 18. Bxe4 Rad8 19. Bd2 Nd5 20. Bxd5 Qxd5
21. Rf3 h5 22. Re1 Re4 23. Qg3 Rd7 24. b3 Qe6 25. c4 c5 26. d5 Qe7 27. Ref1 Be5 28. Qf2 f5 29. Qe1 a5 30. a4 Qg5
31. Bc3 Bd4 32. Bxd4 cxd4 33. Rg3 Qh6 34. Rgf3 dxe3 35. Qe2 f4 36. Kh2 g5 37. g3 Rf7 38. gxf4 gxf4 39. Qg2+ Kf8 40. Qe2 Qd6
41. Kh1 Qb4 42. Rb1 Rd4 43. Qe1 Qe7 44. Qe2 Rd2 45. Qe1 Qe4
0-1

[Event "2014 dropouts tournament"]
[Site "SchemingMind.com"]
[Date "2013.12.28"]
[Round "-"]
[White "fu_manchu"]
[Black "kubinet"]
[Result "1-0"]
[WhiteCountry "CAN"]
[BlackCountry "GER"]
[WhiteElo "1743"]
[WhiteRD "71"]
[BlackElo "1188"]
[BlackRD "45"]
[GameID "344234"]

1. d4 d5 2. c4 e6 3. Nc3 Nf6 4. Nf3 Be7 5. Bg5 O-O 6. e3 c6 7. Be2 Nbd7 8. O-O h6 9. Bh4 dxc4 10. Bxc4 Nd5
11. Bg3 N7b6 12. Bb3 a6 13. Nxd5 exd5 14. Qd3 Bd6 15. Rac1 Bg4 16. Ne5 Bh5 17. Bc2 f5 18. Qb3 Bc7 19. Nd3 Rb8 20. Bxc7 Qxc7
21. Nf4 Bf7 22. Bxf5 Nc4 23. Qc2 Nd6 24. Ne6 Bxe6 25. Bxe6+ Kh8 26. Bxd5 Qe7 27. Bb3 Rbc8 28. Rfe1 Ne4 29. f3 Nd6 30. Qd3 Nb5
31. Bc2 g5 32. Qg6 Qg7 33. Qxg7+ Kxg7 34. Bb3 Nd6 35. e4 Nb5 36. d5 Nd4 37. d6 Nb5 38. e5
1-0

[Event "2014 dropouts tournament"]
[Site "SchemingMind.com"]
[Date "2013.12.24"]
[Round "-"]
[White "John Galvin"]
[Black "wight knight"]
[Result "1-0"]
[WhiteCountry "USA"]
[BlackCountry "ENG"]
[WhiteElo "2359"]
[WhiteRD "78"]
[BlackElo "1328"]
[BlackRD "57"]
[GameID "344235"]

1. e4 e5 2. Nf3 f6 3. Nxe5 Qe7 4. Nc4 Qxe4+ 5. Ne3 Bc5 6. Qh5+ Kd8 7. Qxc5 d6 8. Qa3 Nh6 9. Nc3 Qh4 10. g3 Qh5
11. Be2 Qe8 12. d4 f5 13. O-O Qg6 14. Ned5 Be6 15. Nxc7 Kxc7 16. Nb5+ Kc8 17. Nxd6+ Kd7 18. Bb5+ Nc6 19. Nxb7 a6 20. Qd6+ Ke8
21. Bxc6+ Kf7 22. d5 Bxd5 23. Bxd5+ Ke8 24. Re1+ Qe6 25. Qxe6+ Kf8 26. Qd6#
1-0

[Event "2014 dropouts tournament"]
[Site "SchemingMind.com"]
[Date "2013.12.24"]
[Round "-"]
[White "reo"]
[Black "Simon Green"]
[Result "1-0"]
[WhiteCountry "THA"]
[BlackCountry "ENG"]
[WhiteElo "1942"]
[WhiteRD "90"]
[BlackElo "1587"]
[BlackRD "53"]
[GameID "344240"]

1. Nf3 e6 2. d4 d5 3. c4 Nf6 4. Bg5 Be7 5. Nc3 O-O 6. e3 c6 7. Qc2 Nbd7 8. a3 Bd6 9. Bd3 h6 10. Bh4 a6
11. Bg3 Bxg3 12. hxg3 b5 13. cxb5 axb5 14. b4 Nb6 15. Ne5 Bd7 16. g4 Nc4 17. Bxc4 bxc4 18. f4 Ne8 19. g5 f5 20. gxh6 Rf6
21. hxg7 Nxg7 22. Qf2 Rg6 23. Nxg6
1-0

[Event "2014 dropouts tournament"]
[Site "SchemingMind.com"]
[Date "2013.12.28"]
[Round "-"]
[White "kubinet"]
[Black "fu_manchu"]
[Result "0-1"]
[WhiteCountry "GER"]
[BlackCountry "CAN"]
[WhiteElo "1636"]
[WhiteRD "59"]
[BlackElo "1751"]
[BlackRD "68"]
[GameID "344241"]

1. e4 b6 2. d4 Bb7 3. Bd3 e6 4. Nf3 Nf6 5. Qe2 Nc6 6. Nc3 Nb4 7. Bc4 Be7 8. O-O O-O 9. a3 Nc6 10. h3 d5
11. exd5 exd5 12. Bd3 Re8 13. Qd1 a6 14. Bg5 h6 15. Be3 Bd6 16. Qd2 Ne4 17. Bxe4 dxe4 18. Ne1 Ne7 19. Ne2 Nd5 20. Rd1 Nxe3
21. fxe3 Qg5 22. Nf4 Bxf4 23. Rxf4 Rad8 24. Qf2 Rf8 25. Rg4 Qe7 26. c3 Bc8 27. Rg3 Rd5 28. Qf4 g5 29. Qf2 h5 30. h4 g4
31. Qf4 Rf5 32. Qh6 Qxh4
0-1

[Event "2014 dropouts tournament"]
[Site "SchemingMind.com"]
[Date "2013.12.25"]
[Round "-"]
[White "wight knight"]
[Black "John Galvin"]
[Result "0-1"]
[WhiteCountry "ENG"]
[BlackCountry "USA"]
[WhiteElo "1328"]
[WhiteRD "57"]
[BlackElo "2359"]
[BlackRD "78"]
[GameID "344242"]

1. e4 c5 2. Bc4 Nc6 3. c3 Nf6 4. f3 e6 5. Ne2 d5 6. Bb5 dxe4 7. Bxc6+ bxc6 8. fxe4 Ba6 9. d4 Nxe4 10. O-O Bd6
11. Ng3 Nxg3 12. hxg3 Bxf1 13. Qxf1 O-O 14. Bf4 cxd4 15. cxd4 Bxf4 16. gxf4 Qxd4+ 17. Qf2 Qd1+ 18. Kh2 Rfd8 19. b3 Qh5+ 20. Kg3 Rd3+
21. Qf3 Rxf3+ 22. gxf3 Rd8 23. Nc3 Rd3 24. Ne2 Qxf3+ 25. Kh4 Qh3+ 26. Kg5 f6#
0-1

[Event "2014 dropouts tournament"]
[Site "SchemingMind.com"]
[Date "2013.12.29"]
[Round "-"]
[White "Hiruko"]
[Black "Holty"]
[Result "0-1"]
[WhiteCountry "GER"]
[BlackCountry "ENG"]
[WhiteElo "1452"]
[WhiteRD "79"]
[BlackElo "1726"]
[BlackRD "57"]
[GameID "344293"]

1. e4 e6 2. d4 d5 3. e5 c5 4. c3 Nc6 5. Bb5 a6 6. Bxc6+ bxc6 7. Nf3 cxd4 8. Nxd4 Qc7 9. Qa4 Bd7 10. Nf3 c5
11. Qh4 Qb6 12. O-O Be7 13. Qg3 g6 14. b3 f6 15. Nbd2 Bd8 16. Ba3 Nh6 17. Rab1 Nf5 18. Qf4 g5 19. Qg4 h5 20. Nc4 hxg4
21. Nxb6 Bxb6 22. Nd2 fxe5 23. Rfe1 e4 24. c4 Bc6 25. b4 Nd4 26. bxc5 Ba7 27. Nb3 Nc2 28. Rec1 Nxa3
0-1

[Event "2014 dropouts tournament"]
[Site "SchemingMind.com"]
[Date "2013.12.29"]
[Round "-"]
[White "Holty"]
[Black "Hiruko"]
[Result "1-0"]
[WhiteCountry "ENG"]
[BlackCountry "GER"]
[WhiteElo "1726"]
[WhiteRD "57"]
[BlackElo "1452"]
[BlackRD "79"]
[GameID "344299"]

1. d4 e5 2. dxe5 Nc6 3. Nf3 Qe7 4. Bf4 b6 5. a3 f6 6. exf6 Nxf6 7. Bg5 Qe6 8. e3 Be7 9. Nc3 d5 10. Nb5 Bd6
11. Bd3 O-O 12. O-O Qg4 13. Nxd6 cxd6 14. Bxf6 gxf6 15. Bb5 Bd7 16. Qxd5+ Kh8 17. h3 Qg7 18. Kh2 Ne5 19. Nxe5 fxe5 20. Bxd7 Qxd7
21. Rad1 Rad8 22. b3 Rc8 23. c4 Rc5 24. Qxd6 Qxd6 25. Rxd6 e4 26. Kg1 Rfc8 27. Rfd1 Rg5 28. Rd8+ Rxd8 29. Rxd8+ Rg8 30. Rxg8+ Kxg8
31. Kh2
1-0

[Event "2014 dropouts tournament"]
[Site "SchemingMind.com"]
[Date "2013.12.25"]
[Round "-"]
[White "Milan"]
[Black "cnile"]
[Result "1-0"]
[WhiteCountry "CZE"]
[BlackCountry "SCO"]
[WhiteElo "2023"]
[WhiteRD "88"]
[BlackElo "1477"]
[BlackRD "73"]
[GameID "344341"]

1. e4 e6 2. Nc3 c5 3. Nf3 a6 4. d4 cxd4 5. Nxd4 Qc7 6. Bd3 Bc5 7. Nb3 Ba7 8. Qg4 Kf8 9. Bf4 Qd8 10. Bd6+ Ke8
11. Qxg7
1-0

[Event "2014 dropouts tournament"]
[Site "SchemingMind.com"]
[Date "2013.12.27"]
[Round "-"]
[White "Barry Hampton"]
[Black "Diophantus"]
[Result "0-1"]
[WhiteCountry "ENG"]
[BlackCountry "ENG"]
[WhiteElo "1381"]
[WhiteRD "194"]
[BlackElo "1647"]
[BlackRD "158"]
[GameID "344343"]

1. Nf3 Nf6 2. g3 g6 3. Bg2 Bg7 4. O-O O-O 5. d3 d5 6. Nbd2 c5 7. e4 dxe4 8. dxe4 Nc6 9. c3 e5 10. Re1 Qc7
11. Qc2 h6 12. b3 Be6 13. Ba3 Qa5 14. Bb2 Rfd8 15. a3 Qc7 16. c4 Nd4 17. Nxd4 cxd4 18. Qd3 Nd7 19. b4 a5 20. h3 Bf8
21. c5 axb4 22. axb4 b6 23. cxb6 Qxb6 24. b5 Bb4 25. Rxa8 Rxa8 26. Ra1 Rxa1+ 27. Bxa1 Qa5
0-1

[Event "2014 dropouts tournament"]
[Site "SchemingMind.com"]
[Date "2013.12.27"]
[Round "-"]
[White "Diophantus"]
[Black "Barry Hampton"]
[Result "1-0"]
[WhiteCountry "ENG"]
[BlackCountry "ENG"]
[WhiteElo "1647"]
[WhiteRD "158"]
[BlackElo "1381"]
[BlackRD "194"]
[GameID "344352"]

1. d4 e6 2. c4 d5 3. Nc3 Nf6 4. cxd5 exd5 5. Bg5 Be7 6. Qc2 Nbd7 7. e3 c6 8. Bd3 h6 9. Bh4 Qc7 10. Nf3 O-O
11. O-O Bd6 12. Rac1 a6 13. Rfe1 Re8 14. Rcd1 Kf8 15. a3 Ng4 16. Bg3 Bxg3 17. hxg3 Nb6 18. e4 Be6 19. e5 Ke7 20. Bf5 Qd7
21. Bxe6 Qxe6 22. Nh4 h5 23. Ne2 Qd7 24. Qc5+ Kd8 25. Qxb6+ Kc8 26. Nc3 Re6 27. Na4
1-0

[Event "2014 dropouts tournament"]
[Site "SchemingMind.com"]
[Date "2014.01.20"]
[Round "-"]
[White "clare1347"]
[Black "ApolloM"]
[Result "1/2-1/2"]
[WhiteCountry "ENG"]
[BlackCountry "CZE"]
[WhiteElo "2095"]
[WhiteRD "88"]
[BlackElo "2336"]
[BlackRD "155"]
[GameID "346041"]

1. e4 e6 2. d4 d5 3. Nc3 Nf6 4. Bg5 Be7 5. e5 Nfd7 6. Bxe7 Qxe7 7. Qd2 O-O 8. f4 c5 9. Nf3 a6 10. dxc5 Qxc5
11. O-O-O b5 12. Bd3 Re8 13. h4 Nb6 14. h5 Ra7 15. Kb1 Rc7 16. Ne2 Nc4 17. Bxc4 bxc4 18. h6 g6 19. Nh2 Qb6 20. Ng4 Nd7
21. Qd4 Qb4 22. a3 Qf8 23. Qc3 Bb7 24. Nd4 Ba8 25. Ka2= Rb8 26. Qa5 Qc8 27. Rb1 Rcb7 28. b3 Kh8 29. Rhc1 Rb6 30. g3 Qc7=
1/2-1/2

[Event "2014 dropouts tournament"]
[Site "SchemingMind.com"]
[Date "2014.01.20"]
[Round "-"]
[White "ApolloM"]
[Black "clare1347"]
[Result "1-0"]
[WhiteCountry "CZE"]
[BlackCountry "ENG"]
[WhiteElo "2336"]
[WhiteRD "155"]
[BlackElo "2095"]
[BlackRD "88"]
[GameID "346043"]

1. d4 Nf6 2. Nf3 e6 3. c4 d5 4. Nc3 Bb4 5. Bg5 c5 6. cxd5 exd5 7. dxc5 Nc6 8. e3 O-O 9. Rc1 h6 10. Bxf6 Qxf6
11. Bb5 Rd8 12. Bxc6 bxc6 13. Qd4 Qxd4 14. exd4 f6 15. Kd2 Ba5 16. Ne1 Re8 17. a3 Bc7 18. g3 a5 19. b4 Rb8 20. Nc2 Ba6
21. Rb1 axb4 22. axb4 f5 23. b5 Ba5 24. bxa6
1-0

[Event "2014 dropouts tournament"]
[Site "SchemingMind.com"]
[Date "2014.01.28"]
[Round "-"]
[White "reo"]
[Black "Aba"]
[Result "0-1"]
[WhiteCountry "THA"]
[BlackCountry "ISR"]
[WhiteElo "1923"]
[WhiteRD "92"]
[BlackElo "1839"]
[BlackRD "80"]
[GameID "346545"]

1. e4 e5 2. Nf3 Nc6 3. Bb5 a6 4. Ba4 Nf6 5. Nc3 h6 6. a3 Bc5 7. O-O b5 8. Bb3 d6 9. Re1 Bg4 10. Nd5 Nd4
11. Ba2 c6 12. Ne3 Bh5 13. c3 Nxf3+ 14. gxf3 Nxe4 15. Qb3 Ng5 16. Kh1 Nxf3 17. Rf1 Qh4
0-1

[Event "2014 dropouts tournament"]
[Site "SchemingMind.com"]
[Date "2014.01.28"]
[Round "-"]
[White "Aba"]
[Black "reo"]
[Result "0-1"]
[WhiteCountry "ISR"]
[BlackCountry "THA"]
[WhiteElo "1806"]
[WhiteRD "80"]
[BlackElo "1962"]
[BlackRD "91"]
[GameID "346546"]

1. e4 e5 2. Nf3 Nf6 3. Nxe5 d6 4. Nf3 Nxe4 5. d4 d5 6. Bd3 Bd6 7. c4 c6 8. c5 Bc7 9. Qe2 O-O 10. O-O f5
11. h4 Nd7 12. g3 h6 13. Nc3 Ndf6 14. Ne5 Qe8 15. Bf4 g5 16. hxg5 hxg5 17. Bd2 Bxe5 18. dxe5 Qxe5 19. f4 Qc7 20. Nxe4 fxe4
21. Bc2 Bh3 22. Rfd1 Bg4 23. Qh2 Bxd1 24. Rxd1 Rf7 25. Qh6 Qe7 26. fxg5 Qxc5+ 27. Kg2 Ng4 28. Qg6+ Kf8 29. Rc1 Qf2+ 30. Kh3 Rh7+
31. Qxh7 Qh2+ 32. Kxg4 Qxh7 33. Rf1+ Kg8 34. Bc3 Rf8 35. Bf6 Kf7 36. b4 Kg6 37. Kf4 Qh2 38. Bd1 Qd2+ 39. Ke5 Qg2 40. Rf5 Qxg3+
41. Ke6 Qc7
0-1

[Event "2014 dropouts tournament"]
[Site "SchemingMind.com"]
[Date "2014.02.07"]
[Round "-"]
[White "Milan"]
[Black "kenneth m day"]
[Result "0-1"]
[WhiteCountry "CZE"]
[BlackCountry "USA"]
[WhiteElo "2032"]
[WhiteRD "85"]
[BlackElo "1756"]
[BlackRD "49"]
[GameID "347277"]

1. e4 e5 2. Nf3 Nc6 3. d4 exd4 4. Bc4 Bc5 5. c3 Nf6 6. cxd4 Bb4+ 7. Nc3 O-O 8. Qc2 d6 9. O-O Bg4 10. d5 Ne7
0-1